01102cam a22002651 4500001001300000003000400013005001700017008004100034010001700075035002000092040002300112050002600135082001300161110004400174245008700218260005300305300007900358490002000437504005100457505015600508650005700664700002400721700002700745830006400772gs 41000161 DLC20260227111347.0900507s1940 at abef b o000 0 eng  ags 41000161  a(OCoLC)21486219 aDLCcTxUdTxUdDLC00aQE348b.A2 no. 98, 99 a622.34212 aGeological Survey of Western Australia.14aThe mining groups of the Yilgarn Goldfield, south of the Great Eastern Railway ... aPerth,bF.W. Simpson, Government Printer,c1940. a2 v. in 4.billus.c21 cm. +eatlas of plates ((incl. maps, plans) 33 cm.)1 aBulletinv98-99 a"Literature": pt. 1, p. 14-17; pt.2, p. 14-17.0 apt. 1. From Southern Cross southwards to Marvel Loch, by R.S. Matheson and R.A. Hobson.--pt. 2. South of Marvel Loch, by R.A. Hobson and R.S. Matheson. 0aGold mines and miningzAustraliazWestern Australia.1 aMatheson, Robert S.1 aHobson, Reginald Alan. 0aBulletin (Geological Survey of Western Australia) ;v98-99.